| Tag |
First Indicator |
Second Indicator |
Subfields |
| LEADER |
00000cam a2200000 i 4500 |
| 001 |
in00000012925 |
| 005 |
20151007052302.0 |
| 008 |
761111s1940 mx af 00000 spa d |
| 035 |
|
|
|a (OCoLC)02552107
|
| 035 |
|
|
|9 AAA7123AM
|
| 040 |
|
|
|a ZYU
|c ZYU
|d m.c.
|d TXA
|d UtOrBLW
|
| 049 |
|
|
|a TXAM
|c [A12584156]
|
| 050 |
|
4 |
|a F1219.1.T19
|b M45 1940
|
| 110 |
2 |
|
|a Universidad Nacional Autónoma de México.
|
| 245 |
1 |
0 |
|a Escultura tarasca.
|
| 264 |
|
1 |
|a México :
|b Imprenta universitaria,
|c 1940.
|
| 300 |
|
|
|a 3 unnumbered pages, 23 unnumbered leaves of plates :
|b illustrations ;
|c 37 cm.
|
| 336 |
|
|
|a text
|b txt
|2 rdacontent
|
| 337 |
|
|
|a unmediated
|b n
|2 rdamedia
|
| 338 |
|
|
|a volume
|b nc
|2 rdacarrier
|
| 500 |
|
|
|a At head of title: Universidad nacional autónoma de México.
|
| 500 |
|
|
|a In portfolio.
|
| 500 |
|
|
|a "Prólogo" signed: Manuel Toussaint; text signed: Rodriguez Lozano.
|
| 650 |
|
0 |
|a Tarasco Indians.
|
| 650 |
|
0 |
|a Sculpture
|z Mexico.
|
| 650 |
|
0 |
|a Indian art
|z Mexico.
|
| 651 |
|
0 |
|a Mexico
|x Antiquities.
|
| 700 |
1 |
|
|a Toussaint, Manuel,
|d 1890-1955.
|
| 700 |
1 |
|
|a Rodríguez Lozano, Manuel,
|d 1895-1971.
|
| 999 |
|
|
|a MARS
|
| 999 |
f |
f |
|s 7cf0b77e-5dfa-330e-b4d9-697013763700
|i 6469e60a-9320-32d3-bdaf-16628af6e2be
|t 0
|
| 952 |
f |
f |
|p ric
|a Texas A&M University
|b Rellis Campus
|c Joint Library Facility
|d Remote Storage
|t 0
|e F1219.1.T19 M45 1940
|f Oversize
|h Library of Congress classification
|i unmediated -- volume
|m A14812584156
|
| 998 |
f |
f |
|a F1219.1.T19 M45 1940
|t 0
|l Remote Storage
|